Fashion : the ultimate book of costume & style

Bibliographic Details
Format: Book
Published: London : Dorling Kindersley , 2012
Subjects:

MARC

LEADER 00000cam a2200000 7i4500
001 0000070265
005 20170215.0
008 170215
020 |a 9781405398794 
090 0 0 |a 746.9203   |b FAS 
245 1 0 |a Fashion :   |b the ultimate book of costume & style 
260 |a London :   |b Dorling Kindersley ,   |c 2012 
300 |a 169 p :   |b 18.5cm 
650 0 |a Fashion   |x history 
999 |a 0001434766   |b Book   |c REFERENCE   |e Cawangan Tmn. Ungku Tun Aminah 
999 |a 0001434770   |b Book   |c REFERENCE   |e Cawangan Tangkak 
999 |a 0001434773   |b Book   |c REFERENCE   |e Cawangan Sri Merlong